| 000 -LEADER |
| fixed length control field |
00488cam a22001577a 4500 |
| 008 - FIXED-LENGTH DATA ELEMENTS--GENERAL INFORMATION |
| fixed length control field |
180718b1879 xxu||||| |||| 00| 0 eng d |
| 082 ## - DEWEY DECIMAL CLASSIFICATION NUMBER |
| Classification number |
T17x42 B736 |
| 100 ## - MAIN ENTRY--PERSONAL NAME |
| Personal name |
Brassey, Thomas |
| 245 ## - TITLE STATEMENT |
| Title |
Foreign work and english wages |
| Statement of responsibility, etc. |
by Thomas Brassey |
| 260 ## - PUBLICATION, DISTRIBUTION, ETC. |
| Place of publication, distribution, etc. |
London |
| Name of publisher, distributor, etc. |
Longmans |
| Date of publication, distribution, etc. |
1879 |
| 300 ## - PHYSICAL DESCRIPTION |
| Extent |
417p. |
| 650 ## - SUBJECT ADDED ENTRY--TOPICAL TERM |
| Topical term or geographic name entry element |
Great Britain --Economic conditions |
| 650 ## - SUBJECT ADDED ENTRY--TOPICAL TERM |
| Topical term or geographic name entry element |
Wages --Great Britain |
| 650 ## - SUBJECT ADDED ENTRY--TOPICAL TERM |
| Topical term or geographic name entry element |
Labor and laboring classes --Great Britain |
| 650 ## - SUBJECT ADDED ENTRY--TOPICAL TERM |
| Topical term or geographic name entry element |
Industries --Great Britain |